Home inspectors - an update on proposals for qualifications and certification (Record no. 72336)
[ view plain ]
| 000 -LEADER | |
|---|---|
| fixed length control field | 01243cam a2200217 4500 |
| 001 - CONTROL NUMBER | |
| control field | ABS66517 |
| 008 - FIXED-LENGTH DATA ELEMENTS--GENERAL INFORMATION | |
| fixed length control field | 030324n2003 000 0 eng u |
| 035 ## - SYSTEM CONTROL NUMBER | |
| System control number | (Sirsi) u121714 |
| 245 ## - TITLE STATEMENT | |
| Title | Home inspectors - an update on proposals for qualifications and certification |
| 260 ## - PUBLICATION, DISTRIBUTION, ETC. | |
| Date of publication, distribution, etc. | 2003 |
| 490 ## - SERIES STATEMENT | |
| Series statement | Estate Agent |
| Volume/sequential designation | January/February 2003, 19(1) |
| 520 ## - SUMMARY, ETC. | |
| Summary, etc. | Focuses on the new occupation of home inspector which begins with the introduction of the seller's'pack and home condition reports in early 2006. Outlines the draft occupational standards and current plans for the home inspector qualification (HIQ) and certification. A single qualification is being developed by the Awarding Body for the Built Environment (ABBE). Details the five qualification units, how the qualification will be assessed and the post-qualification certification by the Home Inspectors Certification Board (HICB). It is very unlikely that any existing qualification or experience will totally exempt anyone from all of the HIQ. |
| 590 ## - LOCAL NOTE (RLIN) | |
| Local note | ABS |
| 650 ## - SUBJECT ADDED ENTRY--TOPICAL TERM | |
| Topical term or geographic name entry element | HOME INSPECTIONS |
| 650 ## - SUBJECT ADDED ENTRY--TOPICAL TERM | |
| Topical term or geographic name entry element | HOME CONDITION REPORTS |
| 650 ## - SUBJECT ADDED ENTRY--TOPICAL TERM | |
| Topical term or geographic name entry element | HOME INFORMATION PACKS |
| 650 ## - SUBJECT ADDED ENTRY--TOPICAL TERM | |
| Topical term or geographic name entry element | QUALIFICATIONS |
| 650 ## - SUBJECT ADDED ENTRY--TOPICAL TERM | |
| Topical term or geographic name entry element | CERTIFICATION |
| 690 ## - LOCAL SUBJECT ADDED ENTRY--TOPICAL TERM (OCLC, RLIN) | |
| Topical term or geographic name as entry element | EDUCATION-CAREERS |
| 942 ## - ADDED ENTRY ELEMENTS (KOHA) | |
| Suppress in OPAC | 0 |
| Withdrawn status | Lost status | Source of classification or shelving scheme | Damaged status | Not for loan | Home library | Current library | Shelving location | Date acquired | Total Checkouts | Full call number | Barcode | Date last seen | Copy number | Price effective from | Koha item type |
|---|---|---|---|---|---|---|---|---|---|---|---|---|---|---|---|
| Dewey Decimal Classification | London | London | Journal article | 24/03/2003 | ABS66517 | 121714-1001 | 06/08/2019 | 1 | 06/08/2019 | Journal article |